Alamán : primer economista de México /

Biografía del historiador y político guanajuatense Lucas Alamán y Escalada (1792-1853), que busca esbozar la faceta como economista del personaje, menos conocida que sus desempeños -en varios gobiernos- como ministro de relaciones exteriores o que su trabajo como autor de la "Historia de México desd...

ver descrição completa

Na minha lista:
Detalhes bibliográficos
Autor principal: López Aparicio, Alfonso (autor)
Formato: Livro
Idioma:espanhol
Publicado em: México : Campeador : Jus, 1956, c1956
Colecção:(Figuras y Episodios de la Historia de México ; 32)
Assuntos:
Tags: Adicionar Tag
Sem tags, seja o primeiro a adicionar uma tag!

MARC

LEADER 00000nam^a2200000^a^4500
001 000182283
005 20250521000000.0
009 20260310102000.585
037 |a Acervo ITESO - Biblioteca 
041 |a ESP 
082 |a 972. 04  |b LOP 
100 |a López Aparicio, Alfonso  |e (autor) 
245 1 0 |a Alamán :  |b primer economista de México /  |c A. López Aparicio. 
264 4 |a México :  |b Campeador :  |b Jus,  |c 1956, c1956 
300 |a 63 p. 
336 |a texto  |b txt  |2 rdacontenido 
337 |a sin mediación  |b n  |2 rdamedio 
338 |a volumen  |b nc  |2 rdasoporte 
440 1 |a (Figuras y Episodios de la Historia de México ;  |v 32) 
520 |a Biografía del historiador y político guanajuatense Lucas Alamán y Escalada (1792-1853), que busca esbozar la faceta como economista del personaje, menos conocida que sus desempeños -en varios gobiernos- como ministro de relaciones exteriores o que su trabajo como autor de la "Historia de México desde los primeros movimientos que prepararon su independencia en el año 1808 hasta la época presente", publicada por vez primera en los años 1849-1852. 
649 |a XX 
650 |a Ministros de Estado Mexicanos -  |x Biografías 
650 |a Políticos Mexicanos -  |x Biografías 
650 |a Economistas Mexicanos -  |x Biografías 
650 |a Historiadores Mexicanos -  |x Biografías 
650 |a Economía -  |z México -  |x Historia -  |y Federalismo y Centralismo, 1824-1853 
650 |a Política -  |z México -  |x Historia -  |y Federalismo y Centralismo, 1824-1853 
650 |a México -  |x Historia -  |y Federalismo y Centralismo, 1824-1853 
650 |a México -  |x Historia -  |y Siglo XIX 
650 |a Alamán, Lucas 
910 |a Fondo General 
920 |a Impresos - Libros 
930 |a Colección General 
905 |a 101 
901 |a 0500122203  |b IT1  |c ACC  |u 20250521 
902 |a https://opac.biblio.iteso.mx/vufind/Record/000182283